000 00243nam a2200109Ia 4500
008 190913s9999||||xx |||||||||||||| ||und||
100 _aKenneth.Laudon
245 0 _aE-Commerce
260 _aIndia
_bPearson
_c2003
300 _a327
942 _cBK
999 _c8341
_d8341